| 000 | 01011nam a2200241 a 4500 | ||
|---|---|---|---|
| 001 | BRCA_1665 | ||
| 005 | 20190320203511.0 | ||
| 008 | 140408s2005----mx-a---###---#000-0#spa-# | ||
| 020 | _a9709969013 | ||
| 050 | 4 |
_aNA750.M4 _b.O78 2005 |
|
| 100 | 1 |
_aOrtiz Macedo, Luis _91569 |
|
| 245 | 1 | 0 |
_aLa arquitectura mexicana al correr el tiempo _cLuis Ortiz Macedo ; presentación del arquitecto Wilson Reis Netto. |
| 260 |
_aMéxico _bSeminario de Cultura Mexicana _c2005 |
||
| 300 |
_a254 p. _bil. _c21 cm. |
||
| 440 | 0 |
_aCuadernos del Seminario de Cultura Mexicana _95189 |
|
| 500 | _aIncluye información sobre la Plaza de la Santa Veracruz, donde se encuentra ubicado el Museo Franz Mayer : p. 121-122 | ||
| 500 | _aEjemplar dedicado a Héctor Rivero Borrell, Director del Museo Franz Mayer | ||
| 500 | _a2do. ejemplar en el Área de Investigación | ||
| 650 | 1 | 4 |
_aArquitectura _xHistoria _zMéxico _9639 |
| 650 | 1 | 4 |
_aArquitectos mexicanos _ySiglo XX _95190 |
| 650 | 1 | 4 |
_aUrbanismo _zMéxico _95191 |
| 942 |
_2lcc _cB |
||
| 999 |
_c1461 _d1461 |
||